Železniční stavby. 1. díl /

Main Author: Tyc, Petr, 1926-
Corporate Author: České vysoké učení technické v Praze. Stavební fakulta
Other Authors: Kubát, Bohumil, 1932-2024
Language: Czech
Published: Praha : České vysoké učení technické, 1997
Edition: Dot. 1. vyd.
Physical Description: 166 s. : il. ; 30 cm
Book
Saved in:
LEADER 01078nam a2200277 a 4500
001 000163407
003 CZ BrMZK
005 19970103143423.0
008 970403s1997 xr f cze d
015 |a cnb000075169 
020 |a 80-01-00981-5 
035 |a (OCoLC)85637141 
040 |a BOA001  |b cze 
080 |a 625.1(075.8)  |2 MRF 
100 1 |a Tyc, Petr,  |d 1926-  |7 jk01140534  |4 aut 
245 1 0 |a Železniční stavby.  |n 1. díl /  |c Petr Tyc, Bohumil Kubát 
250 |a Dot. 1. vyd. 
260 |a Praha :  |b České vysoké učení technické,  |c 1997 
300 |a 166 s. :  |b il. ;  |c 30 cm 
500 |a Určeno pro posl. 4.roč. oboru Konstrukce a dopravní stavby fak. stavební Čes. vys. učení techn. v Praze. - Bibliogr. 
653 0 |a železniční stavby 
700 1 |a Kubát, Bohumil,  |d 1932-2024  |7 jn20000710358  |4 aut 
710 2 |a České vysoké učení technické v Praze.  |b Stavební fakulta  |7 kn20010710181 
910 |a BOA001  |b TK-A-0260.731,1 
990 |a BK 
996 7 |b 2620006804  |c TK-A-0260.731/1  |l MZK  |r Sklad / do 24 hodin  |n 14  |p kup  |w 000163407  |u 000010  |a 1  |e BOA001  |j MZK50  |s A